Imię żeńskie z końcówką na - Statystyki

Ogólne statystyki
  • Ten quiz został rozwiązany 57 razy
  • Średni wynik to 4 z 16
Statystyki odpowiedzi
Odpowiedź % Poprawnych
Anna
82%
Karolina
53%
Martyna
36%
Grażyna
31%
Helena
31%
Marzena
31%
Magdalena
29%
Justyna
27%
Justyna
27%
Celina
16%
Nina
16%
Roksana
11%
Diana
9%
Faustyna
9%
Tatiana
4%
Żaklina
0%
Nie znaleziono quizów pasujących do podanych kryteriów
Rozkład punktacji
Procent ludzi z każdym wynikiem
Percentyl według liczby udzielonych odpowiedzi
Twoja historia wyników
Nie rozwiązałeś tego quizu